| 000 | 01093cam a2200313 i 4500 | ||
|---|---|---|---|
| 001 | 61631 | ||
| 003 | Mx-PuUPA | ||
| 005 | 20230426104911.0 | ||
| 008 | 141104s1999 nyua fr 001 0 eng d | ||
| 020 |
_a052164674X _qrústica |
||
| 020 |
_a9780521646741 _qrústica |
||
| 040 |
_aMX-PuUPA _bspa _erda _cMx-PuUPA _dMx-PuUPA |
||
| 041 | 0 | _aeng | |
| 100 | 1 |
_aRolston, Holmes, _d1932- _eautor _9339 |
|
| 245 | 1 | 0 |
_aGenes, genesis and god : _bvalues and their origins in natural and human history / _cHolmes III Rolston. |
| 250 | _aFirst published | ||
| 264 | 1 |
_aNew York, NY : _bCambridge University Press, _c1999 |
|
| 300 |
_axvi, 400 páginas : _bgraficas ; _c23 cm |
||
| 336 |
_atexto _2rdacontent _btxt |
||
| 337 |
_asin medio _2rdamedia _bn |
||
| 338 |
_avolumen _2rdacarrier _bnc |
||
| 500 | _a"The gifford lectures University of Edinburgh, 1977-1998". -- Portada | ||
| 650 | 7 |
_aReligión _2armarc |
|
| 650 | 7 |
_aPsicología religiosa _2armarc |
|
| 650 | 7 |
_aDesarrollo moral _2armarc |
|
| 942 |
_2ddc _cLI _h171.7 _iR744 |
||
| 999 |
_c61631 _d61631 |
||